京哈高铁车站名称 - Statistics

General Stats
  • This quiz has been taken 193 times
  • The average score is 16 of 32
Answer Stats
省市 车站 % Correct
辽宁省 沈阳站
91%
黑龙江省 哈尔滨站
89%
北京市 北京朝阳站
86%
吉林省 长春西站
85%
辽宁省 沈阳北站
77%
吉林省 四平东站
71%
黑龙江省 哈尔滨西站
71%
河北省 承德南站
69%
北京市 密云站
67%
辽宁省 辽宁朝阳站
66%
辽宁省 阜新站
62%
辽宁省 铁岭西站
60%
吉林省 公主岭南站
53%
北京市 顺义西站
52%
北京市 怀柔南站
51%
吉林省 扶余北站
44%
河北省 平泉北站
41%
辽宁省 牛河梁站
40%
辽宁省 昌图西站
40%
吉林省 德惠西站
40%
河北省 兴隆县西站
38%
辽宁省 北票站
38%
辽宁省 开原西站
38%
黑龙江省 双城北站
37%
辽宁省 喀左站
36%
辽宁省 沈阳西站
36%
辽宁省 新民北站
34%
河北省 承德县北站
30%
河北省 安匠站
24%
辽宁省 黑山北站
23%
辽宁省 乌兰木图站
21%
辽宁省 奈林皋站
19%
No matching quizzes found
Score Distribution
Percent of People with Each Score
Percentile by Number Answered
Your Score History
You have not taken this quiz